| 000 | 01059cad a22002415a 4500 | ||
|---|---|---|---|
| 001 | L152869 | ||
| 008 | 110509s2011 xxk f 000 0 eng d | ||
| 035 | _a(Sirsi) u152869 | ||
| 041 | 0 | _aeng | |
| 050 | 0 | 4 | _a306.1 $2 18 |
| 100 | 1 | _aBall, Michael | |
| 245 | 0 | 0 |
_aHousing markets and independence in old age _bexpanding the opportunities _h[electronic resource] |
| 260 |
_aReading _bHenley University of Reading _c2011 |
||
| 520 | _aOutlines benefits of owner occupied retirement housing (OORH) in terms of the environment, local neighbourhoods and local housing markets. The supply of this type of accommodation needs to increase to meet demands of an aging population. Examples of schemes available. | ||
| 590 | _aKA NTK | ||
| 651 | 4 |
_aUnited Kingdom _y |
|
| 690 | _aPROPERTY-RESIDENTIAL PROPERTY | ||
| 700 | 1 | _aBlanchette, Robert | |
| 700 | 1 | _aNanda, Anupam | |
| 700 | 1 | _aWyatt, Peter | |
| 856 | 4 | 0 |
_uhttps://www.henley.reading.ac.uk/web/FILES/REP/HousingMarketsinOldAge.pdf _zView the item free of charge at www.henley.reading.ac.uk |
| 942 | _n0 | ||
| 999 |
_c112239 _d112239 |
||